Venomous and poisonous animals and noxious plants of the Pacific region; (Record no. 12157)
[ view plain ]
| 000 -LEADER | |
|---|---|
| fixed length control field | 01257cam a22003251 4500 |
| 001 - CONTROL NUMBER | |
| control field | 12157 |
| 003 - CONTROL NUMBER IDENTIFIER | |
| rucl marc code | BD-RjUL |
| 005 - DATE AND TIME OF LATEST TRANSACTION | |
| control field | 20211208235238.0 |
| 008 - FIXED-LENGTH DATA ELEMENTS--GENERAL INFORMATION | |
| fixed length control field | 140128s1963 nyuab 001 0 eng |
| 035 ## - SYSTEM CONTROL NUMBER | |
| System control number | (BD-RjUL)12206 |
| System control number | (OCoLC)1543366 |
| 040 ## - CATALOGING SOURCE | |
| Original cataloging agency | DLC |
| Transcribing agency | FMU |
| Modifying agency | OClW-H |
| -- | OCoLC |
| -- | DLC |
| -- | BD-RjUL |
| Language of cataloging | eng |
| 041 ## - LANGUAGE CODE | |
| Language code of text/sound track or separate title | eng |
| 060 ## - NATIONAL LIBRARY OF MEDICINE CALL NUMBER | |
| Classification number | WD 400 K26v 1961 |
| 082 ## - DEWEY DECIMAL CLASSIFICATION NUMBER | |
| Classification number | 591.69 |
| Author mark and year | VEN 1963 |
| 245 00 - TITLE STATEMENT | |
| Title | Venomous and poisonous animals and noxious plants of the Pacific region; |
| Remainder of title | a collection of papers based on a symposium in the Public Health and Medical Science Division at the Tenth Pacific Science Congress / |
| Statement of responsibility, etc. | Edited by Hugh L. Keegan and W.V. Macfarlane. |
| 260 ## - PUBLICATION, DISTRIBUTION, ETC. (IMPRINT) | |
| Place of publication, distribution, etc. | oxford : |
| Name of publisher, distributor, etc. | Pergamon Press , |
| Date of publication, distribution, etc. | c1963 . |
| 300 ## - PHYSICAL DESCRIPTION | |
| Pagination | xi, 456 p. : |
| Illustrations | illus., maps ; |
| Size | 24 cm. |
| 500 ## - GENERAL NOTE | |
| General note | "A Pergamon Press book." |
| 504 ## - BIBLIOGRAPHY, ETC. NOTE | |
| Bibliography, etc | Includes bibliographies and index. |
| 650 #0 - SUBJECT ADDED ENTRY--TOPICAL TERM | |
| Topical term or geographic name as entry element | Poisonous animals. |
| 9 (RLIN) | 37644 |
| Topical term or geographic name as entry element | Poisonous plants. |
| 9 (RLIN) | 37645 |
| Topical term or geographic name as entry element | Venom. |
| 9 (RLIN) | 34398 |
| Topical term or geographic name as entry element | Natural history |
| Geographic subdivision | Pacific Area. |
| 9 (RLIN) | 37646 |
| 700 1# - ADDED ENTRY--PERSONAL NAME | |
| Personal name | Keegan, Hugh L. , ed. |
| Personal name | Macfarlane, Walter Victor, |
| Dates associated with a name | 1913- |
| Relator term | joint ed. |
| 711 2# - ADDED ENTRY--MEETING NAME | |
| Meeting name or jurisdiction name as entry element | Pacific Science Congress |
| Number of part/section/meeting | (10th : |
| Date of meeting | 1961 : |
| Location of meeting | Honolulu) |
| 9 (RLIN) | 37648 |
| 942 ## - ADDED ENTRY ELEMENTS (KOHA) | |
| Source of classification or shelving scheme | Dewey Decimal Classification |
| Koha item type | Books |
| Lost status | Source of classification or shelving scheme | Damaged status | Not for loan | Collection code | Permanent Location | Current Location | Shelving location | Date acquired | Source of acquisition | Cost, normal purchase price | Total Checkouts | Full call number | Date last seen | Copy number | Koha item type |
|---|---|---|---|---|---|---|---|---|---|---|---|---|---|---|---|
| Dewey Decimal Classification | Non-fiction | Central Library, University of Rajshahi | Central Library, University of Rajshahi | 24/10/1970 | Swets & Zeitlinger. | 162.00 | 591.69 VEN 1963 | 28/01/2014 | C-2 | Books | |||||
| Dewey Decimal Classification | Not For Loan | Non-fiction | Central Library, University of Rajshahi | Central Library, University of Rajshahi | Reading Room | 04/05/1968 | Zeitlinger | 162.00 | 591.69 VEN 1963 | 22/08/2017 | C-1 | Books | |||
| Dewey Decimal Classification | Non-fiction | Central Library, University of Rajshahi | Central Library, University of Rajshahi | 06/10/1970 | Zeitlinger | 162.00 | 591.69 VEN 1963 | 22/08/2017 | C-3 | Books |